Derecho de familia

Сохранить в:
Библиографические подробности
Главный автор: Ramos Pazos, René (autor)
Формат:
Язык:испанский
Опубликовано: Santiago Jurídica de Chile 2010
Редактирование:7a. ed
Предметы:
Метки: Добавить метку
Нет меток, Требуется 1-ая метка записи!

MARC

LEADER 00000cam a2200000 a 4500
001 UCG3071
003 CL-VaPUC
008 100805e20100600CL |||||||||||||||||spa|d
020 |a 9789561020351o.c 
020 |a 9789561020368t.1 
020 |a 9789561020375t.2 
082 0 4 |a 346.015  |b RAM  |2 21 
100 |a Ramos Pazos, René  |e autor  |9 297777 
245 1 0 |a Derecho de familia 
250 |a 7a. ed 
300 |a 2 t 
942 |c BK 
945 |d 20100805 00:00:00  |a mfarfan 
260 |a Santiago  |b Jurídica de Chile  |c 2010 
650 0 |a Derecho de familia  |9 255603 
650 7 |a MATRIMONIO  |2 CL-VaPUC  |9 551890 
650 0 |a Divorcio  |9 256204 
650 7 |a BIENES FAMILIARES  |2 CL-VaPUC  |9 392398 
650 7 |a ESTADO CIVIL  |2 CL-VaPUC  |9 551891 
650 0 |a Filiación  |9 256647 
650 7 |a CONCUBINATO  |2 CL-VaPUC  |9 385384 
583 |a last modification  |c 20171121 10:38:17  |k Rodrigo Vera 
999 |c 342169  |d 342167 
952 |0 0  |1 0  |4 0  |6 346_015000000000000_RAM_2010  |7 0  |8 A  |9 438178  |a BIBDER  |b BIBDER  |d 2019-11-22  |h t.1  |i 4704185  |l 4  |m 1  |o 346.015 RAM 2010  |p 4704185  |r 2024-11-20  |s 2024-11-06  |w 2019-11-22  |y BK  |k DER 
952 |0 0  |1 0  |4 0  |6 346_015000000000000_RAM_2010  |7 0  |8 A  |9 438179  |a BIBDER  |b BIBDER  |d 2019-11-22  |h t.2  |i 4704193  |o 346.015 RAM 2010  |p 4704193  |r 2023-01-25  |w 2019-11-22  |y BK  |k DER 
952 |0 0  |1 0  |4 0  |6 346_015000000000000_RAM_2010  |7 0  |8 A  |9 438180  |a BIBDER  |b BIBDER  |d 2019-11-22  |h t.2  |i 4704207  |o 346.015 RAM 2010  |p 4704207  |r 2023-01-25  |w 2019-11-22  |y BK  |k DER 
952 |0 0  |1 0  |4 0  |6 346_015000000000000_RAM_2010  |7 0  |8 A  |9 438181  |a BIBDER  |b BIBDER  |d 2019-11-22  |h t.1  |i 4707281  |o 346.015 RAM 2010  |p 4707281  |r 2023-01-25  |w 2019-11-22  |y BK  |k DER 
952 |0 0  |1 0  |4 0  |6 346_015000000000000_RAM_2010  |7 0  |8 A  |9 438182  |a BIBDER  |b BIBDER  |d 2019-11-22  |h t.1  |i 470729K  |o 346.015 RAM 2010  |p 470729K  |r 2023-01-25  |w 2019-11-22  |y BK  |k DER 
952 |0 0  |1 0  |4 0  |6 346_015000000000000_RAM_2010  |7 0  |8 A  |9 438183  |a BIBDER  |b BIBDER  |d 2019-11-22  |h t.1  |i 4707303  |o 346.015 RAM 2010  |p 4707303  |r 2023-01-25  |w 2019-11-22  |y BK  |k DER 
952 |0 0  |1 0  |4 0  |6 346_015000000000000_RAM_2010  |7 0  |8 A  |9 438184  |a BIBDER  |b BIBDER  |d 2019-11-22  |h t.2  |i 4707311  |l 2  |o 346.015 RAM 2010  |p 4707311  |r 2025-04-23  |s 2025-04-16  |w 2019-11-22  |y BK  |k DER 
952 |0 0  |1 0  |4 0  |6 346_015000000000000_RAM_2010  |7 0  |8 A  |9 438185  |a BIBDER  |b BIBDER  |d 2019-11-22  |h t.2  |i 470732K  |o 346.015 RAM 2010  |p 470732K  |r 2023-01-25  |w 2019-11-22  |y BK  |k DER 
952 |0 0  |1 0  |4 0  |6 346_015000000000000_RAM_2010  |7 0  |8 A  |9 438186  |a BIBDER  |b BIBDER  |d 2019-11-22  |h t.2  |i 4707338  |l 2  |o 346.015 RAM 2010  |p 4707338  |r 2023-01-25  |s 2021-10-11  |w 2019-11-22  |y BK  |k DER 
952 |0 0  |1 0  |4 0  |6 346_015000000000000_RAM_2010  |7 0  |8 A  |9 438187  |a BIBGIM  |b BIBGIM  |d 2019-11-22  |h t.1  |i 475686K  |o 346.015 RAM 2010  |p 475686K  |r 2025-01-15  |w 2019-11-22  |y BK  |k SSL 
952 |0 0  |1 0  |4 0  |6 346_015000000000000_RAM_2010  |7 0  |8 A  |9 438188  |a BIBGIM  |b BIBGIM  |d 2019-11-22  |h t.2  |i 4756878  |o 346.015 RAM 2010  |p 4756878  |r 2025-01-15  |w 2019-11-22  |y BK  |k SSL 
952 |0 0  |1 0  |4 0  |6 346_015000000000000_RAM_2010  |7 0  |8 A  |9 438189  |a BIBDER  |b BIBDER  |d 2019-11-22  |h t.1  |i 476790K  |l 3  |o 346.015 RAM 2010  |p 476790K  |r 2024-11-20  |s 2024-10-25  |w 2019-11-22  |y BK  |k DER 
952 |0 0  |1 0  |4 0  |6 346_015000000000000_RAM_2010  |7 0  |8 A  |9 438190  |a BIBDER  |b BIBDER  |d 2019-11-22  |h t.1  |i 4767918  |l 4  |o 346.015 RAM 2010  |p 4767918  |r 2023-11-16  |s 2023-11-16  |w 2019-11-22  |y BK  |k DER 
952 |0 0  |1 0  |4 0  |6 346_015000000000000_RAM_2010  |7 0  |8 A  |9 438191  |a BIBDER  |b BIBDER  |d 2019-11-22  |h t.1  |i 4767926  |l 1  |o 346.015 RAM 2010  |p 4767926  |r 2024-04-03  |s 2024-04-03  |w 2019-11-22  |y BK  |k DER 
952 |0 0  |1 0  |4 0  |6 346_015000000000000_RAM_2010  |7 0  |8 A  |9 438192  |a BIBDER  |b BIBDER  |d 2019-11-22  |h t.2  |i 4767934  |o 346.015 RAM 2010  |p 4767934  |r 2023-01-25  |w 2019-11-22  |y BK  |k DER 
952 |0 0  |1 0  |4 0  |6 346_015000000000000_RAM_2010  |7 0  |8 A  |9 438193  |a BIBDER  |b BIBDER  |d 2019-11-22  |h t.2  |i 4767942  |l 3  |o 346.015 RAM 2010  |p 4767942  |r 2024-11-20  |s 2024-10-25  |w 2019-11-22  |y BK  |k DER 
952 |0 0  |1 0  |4 0  |6 346_015000000000000_RAM_2010  |7 0  |8 A  |9 438195  |a BIBGIM  |b BIBGIM  |d 2019-11-22  |h t.1  |i 4858603  |o 346.015 RAM 2010  |p 4858603  |r 2025-01-15  |w 2019-11-22  |y BK  |k SSL 
952 |0 0  |1 0  |4 0  |6 346_015000000000000_RAM_2010  |7 0  |8 A  |9 438196  |a BIBGIM  |b BIBGIM  |d 2019-11-22  |h t.2  |i 4858611  |o 346.015 RAM 2010  |p 4858611  |r 2025-01-15  |w 2019-11-22  |y BK  |k SSL 
952 |0 0  |1 0  |3 erb  |4 0  |6 346_015000000000000_RAM_2010  |7 0  |8 A  |9 438197  |a BIBGIM  |b BIBGIM  |h t.1  |i 5438438  |o 346.015 RAM 2010  |p 5438438  |r 2025-01-15  |w 2019-11-22  |y BK  |z Catalogado en:20171124  |k SSL 
952 |0 0  |1 0  |3 erb  |4 0  |6 346_015000000000000_RAM_2010  |7 0  |8 A  |9 438198  |a BIBGIM  |b BIBGIM  |h t.2  |i 5438446  |o 346.015 RAM 2010  |p 5438446  |r 2025-01-15  |w 2019-11-22  |y BK  |z Catalogado en:20171124  |k SSL